01323nam a2200289 a 4500001001000000003000900010005001700019008004100036040002500077082003200102110003300134240001900167245016600186250001200352260003800364300002100402590002700423651005700450651005600507700003400563710011000597910003700707942001400744952012600758952013200884999001701016000015683DO-SdBNP20240229073827.0100217s2000 dr 000 0 spa d aDO-SdBNPbspacBNPHU 4a342.729302bR426c, 20002222 aRepública Dominicana.944710aConstitución10aConstitución de la República Dominicana 1994 :bsíntesis evolución, datos históricos como los referentes a la constituyente /cRaymundo Amaro Guzmán. a2a. ed. aSanto Domingo, :bCORENAP,c2000. a147 p. ;c21 cm. aInventariado, 2018/ YL 4aRepública DominicanaxConstitución (1994)935348 4aRepública DominicanazDerecho constitucional94491 aAmaro Guzmán, Raymundo96562 aRepública Dominicana.bComisión Revisora de las Normas de Administración Pública (CORENAP)935349 aValidado. Control de calidad EMS 2ddccLBS1 0010718PDaPDbPDcHDd2010-02-17iLF1l0o342.729302 R426c, 2000p15683-10r2020-06-25w2020-06-25yLFPDZNo se presta 0011718PDaPDbPDcMId2011-04-07iLF1l0o342.729302 R426c, 2000p15683-20r2020-06-25te. 2w2020-06-25yLFPDZNo se presta c15235d15235